[Event "Minsk Kupreichik Memorial rapid"]
[Site "Minsk"]
[Date "2019.08.15"]
[Round "2"]
[White "Zverev, Lev"]
[Black "Veremeichik, Vladimir"]
[Result "1/2-1/2"]
[WhiteElo "1881"]
[BlackElo "2282"]
[PlyCount "108"]
[EventDate "2019.08.15"]
[EventType "swiss (rapid)"]
[EventRounds "10"]
[EventCountry "BLR"]
[SourceTitle "CBM 191 Extra"]
[Source "ChessBase"]
[SourceDate "2019.09.30"]
[SourceVersion "1"]
[SourceVersionDate "2019.09.30"]
[SourceQuality "1"]

1. e4 c5 2. Nf3 Nc6 3. d4 cxd4 4. Nxd4 g6 5. Nc3 Bg7 6. Be3 Nf6 7. Bc4 Qa5 8. 0-0 d6 9. h3 0-0 10. Bb3 Bd7 11. Re1 Rad8 12. Nf3 Bc8 13. Qe2 Qc7 14. Rad1 b6 15. Nd5 Qb7 16. Ba4 Rfe8 17. c3 Bd7 18. Bc2 b5 19. Nd4 Nxd5 20. exd5 Na5 21. Be4 Rc8 22. Bc1 b4 23. cxb4 Qxb4 24. Nc2 Qc4 25. Qxc4 Nxc4 26. Nd4 Nb6 27. Nc6 Bxc6 28. dxc6 Bf8 29. Bf4 d5 30. Bd3 Nc4 31. Bxc4 dxc4 32. c7 f6 33. Rd7 e5 34. Be3 Re7 35. Rd8 Rcxc7 36. Bh6 Rg7 37. Bxg7 Kxg7 38. Red1 Bc5 39. R8d7+ Rxd7 40. Rxd7+ Kh6 41. Rc7 Bd4 42. Rxc4 Bxb2 43. Kh2 Kg5 44. Kg3 Kf5 45. Kf3 h5 46. Rc6 Bd4 47. Ke2 h4 48. Rd6 Bc5 49. Ra6 Bb6 50. f3 g5 51. Ra4 Bd4 52. Ra6 Bb6 53. Ra4 Bd4 54. Ra6 Bb6 1/2-1/2

[Event "Minsk Kupreichik Memorial"]
[Site "Minsk"]
[Date "2018.06.23"]
[Round "13"]
[White "Veremeichik, Vladimir"]
[Black "Mochalov, Evgeny Veniaminovic"]
[Result "1/2-1/2"]
[WhiteElo "2282"]
[BlackElo "2374"]
[PlyCount "22"]
[EventDate "2018.06.21"]
[EventType "tourn (rapid)"]
[EventRounds "13"]
[EventCountry "BLR"]
[EventCategory "7"]
[SourceTitle "CBM 185 Extra"]
[Source "ChessBase"]
[SourceDate "2018.07.29"]
[SourceVersion "1"]
[SourceVersionDate "2018.07.29"]
[SourceQuality "1"]

1. d4 d5 2. c4 c6 3. cxd5 cxd5 4. Nc3 Nf6 5. Nf3 Nc6 6. Bf4 Bf5 7. e3 e6 8. Bd3 Bxd3 9. Qxd3 Bd6 10. Bxd6 Qxd6 11. 0-0 Qd8 1/2-1/2

[Event "Minsk Kupreichik Memorial"]
[Site "Minsk"]
[Date "2018.06.22"]
[Round "8"]
[White "Sveshnikov, Evgeny"]
[Black "Veremeichik, Vladimir"]
[Result "1/2-1/2"]
[WhiteElo "2464"]
[BlackElo "2282"]
[PlyCount "91"]
[EventDate "2018.06.21"]
[EventType "tourn (rapid)"]
[EventRounds "13"]
[EventCountry "BLR"]
[EventCategory "7"]
[SourceTitle "CBM 185 Extra"]
[Source "ChessBase"]
[SourceDate "2018.07.29"]
[SourceVersion "1"]
[SourceVersionDate "2018.07.29"]
[SourceQuality "1"]

1. e4 c5 2. b3 Nf6 3. e5 Nd5 4. Bb2 Nc6 5. Nf3 g6 6. Bc4 Nb6 7. h4 Nxc4 8. bxc4 h6 9. e6 f6 10. exd7+ Qxd7 11. Nc3 Qe6+ 12. Kf1 Qxc4+ 13. d3 Qf4 14. Ne4 Kf7 15. Nxc5 b6 16. Ne4 Bg4 17. Qd2 Qxd2 18. Nexd2 Rc8 19. Ne1 e5 20. a3 Be7 21. f3 Be6 22. h5 g5 23. g4 Rhd8 24. Ne4 Nd4 25. Rh2 Rd7 26. Bxd4 Rxd4 27. c4 f5 28. gxf5 Bxf5 29. Re2 Ke6 30. Kg2 g4 31. Ng3 Rg8 32. f4 Rxf4 33. Nxf5 Kxf5 34. Nc2 Bc5 35. Ne3+ Bxe3 36. Rxe3 Re8 37. a4 Kg5 38. a5 Kxh5 39. axb6 axb6 40. Rb1 Kh4 41. Rxb6 h5 42. Rb1 Kg5 43. Rbe1 Kf5 44. Rh1 Kg5 45. Rhe1 Kf5 46. Rh1 1/2-1/2

[Event "EU-ch Seniors 65 16th"]
[Site "Yerevan"]
[Date "2016.06.11"]
[Round "7"]
[White "Avetisyan, Ashot"]
[Black "Veremeichik, Vladimir"]
[Result "0-1"]
[WhiteElo "2124"]
[BlackElo "2293"]
[PlyCount "134"]
[EventDate "2016.06.05"]
[EventType "swiss"]
[EventRounds "9"]
[EventCountry "ARM"]
[SourceTitle "CBM 172 Extra"]
[Source "ChessBase"]
[SourceDate "2016.06.21"]
[SourceVersion "1"]
[SourceVersionDate "2016.06.21"]
[SourceQuality "1"]

1. d4 d5 2. c4 dxc4 3. e4 Nc6 4. d5 Ne5 5. Bxc4 Nxc4 6. Qa4+ c6 7. Qxc4 cxd5 8. exd5 Nf6 9. Nc3 e6 10. dxe6 Bxe6 11. Qb5+ Qd7 12. Qxd7+ Nxd7 13. Nge2 Bb4 14. 0-0 0-0 15. Bf4 Rfc8 16. Rfd1 Nb6 17. Bd6 Bxc3 18. bxc3 h6 19. Be5 Rc4 20. Bd4 Ra4 21. Nf4 Bxa2 22. Nd3 Bb3 23. Re1 Bd5 24. Nb4 Be6 25. f3 Rxa1 26. Rxa1 Nc8 27. Nd3 a5 28. g4 b5 29. Nf4 Bc4 30. Kf2 Ne7 31. Nh5 f6 32. Ng3 a4 33. Ne4 Nd5 34. Nd6 a3 35. Ke1 Ra6 36. Nxc4 bxc4 37. Kd2 Nc7 38. Bc5 Nb5 39. Kc2 Kf7 40. Bb4 f5 41. Re1 fxg4 42. fxg4 Re6 43. Rd1 Re2+ 44. Kb1 Rb2+ 45. Ka1 Rb3 46. Rc1 g6 47. h4 Kf6 48. h5 gxh5 49. gxh5 Kg5 50. Rh1 Nxc3 51. Bxc3 Rxc3 52. Ka2 Kg4 53. Rh2 Rh3 54. Rc2 Kxh5 55. Rxc4 Rg3 56. Ra4 Rf3 57. Ra8 Kh4 58. Ra4+ Kg3 59. Ra5 Kg4 60. Ra4+ Rf4 61. Ra6 h5 62. Kxa3 h4 63. Rg6+ Kf3 64. Kb2 h3 65. Kc2 h2 66. Rh6 Kg2 67. Rg6+ Kh3 0-1

[Event "EU-ch Seniors 65 16th"]
[Site "Yerevan"]
[Date "2016.06.09"]
[Round "5"]
[White "Mojzis, Jaroslav"]
[Black "Veremeichik, Vladimir"]
[Result "0-1"]
[WhiteElo "2168"]
[BlackElo "2293"]
[PlyCount "80"]
[EventDate "2016.06.05"]
[EventType "swiss"]
[EventRounds "9"]
[EventCountry "ARM"]
[SourceTitle "CBM 172 Extra"]
[Source "ChessBase"]
[SourceDate "2016.06.21"]
[SourceVersion "1"]
[SourceVersionDate "2016.06.21"]
[SourceQuality "1"]

1. Nf3 c5 2. g3 g6 3. Bg2 Bg7 4. d4 cxd4 5. Nxd4 Nc6 6. e3 Nf6 7. 0-0 0-0 8. c4 d5 9. Nc3 Nxd4 10. exd4 dxc4 11. Bf4 Ne8 12. Qe2 Nd6 13. Rfe1 Re8 14. Rad1 a6 15. Be5 Bf5 16. Bxg7 Kxg7 17. Qe5+ f6 18. Qf4 e6 19. g4 g5 20. Qg3 Bg6 21. Qe3 Qd7 22. f4 h6 23. h4 Nf7 24. hxg5 hxg5 25. fxg5 Nxg5 26. Qf4 Rad8 27. Be4 Qd6 28. Qf2 Rh8 29. Bxg6 Kxg6 30. Ne4 Nxe4 31. Rxe4 Rh3 32. Rf4 e5 33. Rf3 Rxf3 34. Qxf3 exd4 35. Qe4+ Kg7 36. Qxb7+ Rd7 37. Qe4 Qd5 38. Qf4 Qe5 39. Qf3 d3 40. Qf2 Rd4 0-1

[Event "EU-ch Seniors 65 16th"]
[Site "Yerevan"]
[Date "2016.06.06"]
[Round "2"]
[White "Veremeichik, Vladimir"]
[Black "Pashayan, Genrikh"]
[Result "1/2-1/2"]
[WhiteElo "2293"]
[BlackElo "1936"]
[PlyCount "81"]
[EventDate "2016.06.05"]
[EventType "swiss"]
[EventRounds "9"]
[EventCountry "ARM"]
[SourceTitle "CBM 172 Extra"]
[Source "ChessBase"]
[SourceDate "2016.06.21"]
[SourceVersion "1"]
[SourceVersionDate "2016.06.21"]
[SourceQuality "1"]

1. d4 d5 2. Bf4 Bf5 3. e3 e6 4. Nf3 Bd6 5. c3 a6 6. Nbd2 Bxf4 7. exf4 Nd7 8. Be2 c5 9. dxc5 Nxc5 10. 0-0 Qc7 11. Nb3 Nd7 12. Qd4 Ngf6 13. Rac1 b5 14. Nh4 Be4 15. f3 Bg6 16. Rfe1 0-0 17. Nxg6 hxg6 18. Rc2 Rfc8 19. Bd3 Ne8 20. g4 Nef6 21. Kg2 Qa7 22. Rce2 Rc7 23. h4 Rac8 24. Rh1 Nc5 25. Nxc5 Qxc5 26. h5 Qxd4 27. cxd4 gxh5 28. g5 Nd7 29. Rxh5 g6 30. Rh1 Kg7 31. Kf2 Nb6 32. Rd2 Nc4 33. Rc2 Na5 34. Rhc1 Rxc2+ 35. Rxc2 Rxc2+ 36. Bxc2 Nc4 37. b3 Nd6 38. Ke3 b4 39. Bd3 a5 40. Kf2 Nf5 41. Bxf5 1/2-1/2

[Event "EU-ch rapid"]
[Site "Minsk"]
[Date "2015.12.20"]
[Round "10"]
[White "Veremeichik, Vladimir"]
[Black "Teterev, Vitaly"]
[Result "1-0"]
[WhiteElo "2298"]
[BlackElo "2494"]
[PlyCount "49"]
[EventDate "2015.12.19"]
[EventType "swiss (rapid)"]
[EventRounds "11"]
[EventCountry "BLR"]
[SourceTitle "EXT 2017"]
[Source "ChessBase"]
[SourceDate "2016.10.25"]
[SourceVersion "1"]
[SourceVersionDate "2016.10.25"]
[SourceQuality "1"]

1. d4 Nf6 2. c4 g6 3. Nc3 Bg7 4. e4 0-0 5. Be3 d6 6. f3 Nc6 7. Nge2 a6 8. Qd2 Rb8 9. Rc1 Bd7 10. Nd1 Re8 11. Nf2 e6 12. g3 b5 13. cxb5 axb5 14. Bg2 Rb7 15. 0-0 Qa8 16. b3 Qa3 17. Nd3 Ra8 18. Rc2 Ne8 19. Rfc1 Qa6 20. Rxc6 Bxc6 21. Nb4 Qa5 22. Rxc6 d5 23. Nc1 dxe4 24. fxe4 Rd8 25. Ra6 1-0

[Event "EU-ch blitz"]
[Site "Minsk"]
[Date "2015.12.18"]
[Round "21.20"]
[White "Popov, Valerij"]
[Black "Veremeichik, Vladimir"]
[Result "1/2-1/2"]
[WhiteElo "2528"]
[BlackElo "2298"]
[PlyCount "144"]
[EventDate "2015.12.18"]
[EventType "swiss (blitz)"]
[EventRounds "22"]
[EventCountry "BLR"]
[SourceTitle "EXT 2017"]
[Source "ChessBase"]
[SourceDate "2016.10.25"]
[SourceVersion "1"]
[SourceVersionDate "2016.10.25"]
[SourceQuality "1"]

1. Nf3 c5 2. c4 g6 3. d4 cxd4 4. Nxd4 Bg7 5. e4 Nc6 6. Be3 Nf6 7. Nc3 d6 8. Be2 0-0 9. 0-0 Bd7 10. Qd2 Nxd4 11. Bxd4 Bc6 12. f3 Nd7 13. Be3 a5 14. b3 Nc5 15. Rab1 Be5 16. Bg5 Re8 17. Rfc1 Qb6 18. Kh1 Qb4 19. Nd5 Bxd5 20. exd5 Qxd2 21. Bxd2 e6 22. dxe6 Rxe6 23. Bf1 b6 24. g3 Bd4 25. Rd1 Bg7 26. Bf4 Be5 27. Bh6 Bg7 28. Bg5 Rae8 29. Kg2 h5 30. Kf2 Kh7 31. Rd2 Bh6 32. Bxh6 Kxh6 33. Rbd1 Rd8 34. Bd3 Kg7 35. Bc2 Kf6 36. a3 Ke7 37. Ra1 Nd7 38. h4 Rc8 39. Rb1 Rc5 40. Be4 Nf6 41. Bd3 Nd7 42. b4 axb4 43. axb4 Rc7 44. Bf1 Ne5 45. Rd4 Nc6 46. Rd5 Ne5 47. Rc1 Ra7 48. Rc2 Ra4 49. Rb5 Nd7 50. f4 Ra3 51. f5 Ree3 52. Re2 Rxe2+ 53. Bxe2 Rc3 54. fxg6 fxg6 55. Rg5 Kf6 56. Rd5 Ke7 57. Rd3 Rxd3 58. Bxd3 Ne5 59. Be2 Ke6 60. Ke3 d5 61. cxd5+ Kxd5 62. Kf4 Ke6 63. Kg5 Kf7 64. Bd1 Kg7 65. b5 Nf7+ 66. Kf4 Kf6 67. Ke4 Nd6+ 68. Kd5 Nxb5 69. Kc6 Nd4+ 70. Kxb6 Nf5 71. g4 hxg4 72. Bxg4 Nxh4 1/2-1/2

[Event "EU-ch blitz"]
[Site "Minsk"]
[Date "2015.12.18"]
[Round "22.20"]
[White "Veremeichik, Vladimir"]
[Black "Popov, Valerij"]
[Result "1/2-1/2"]
[WhiteElo "2298"]
[BlackElo "2528"]
[PlyCount "89"]
[EventDate "2015.12.18"]
[EventType "swiss (blitz)"]
[EventRounds "22"]
[EventCountry "BLR"]
[SourceTitle "EXT 2017"]
[Source "ChessBase"]
[SourceDate "2016.10.25"]
[SourceVersion "1"]
[SourceVersionDate "2016.10.25"]
[SourceQuality "1"]

1. d4 d5 2. c4 e6 3. Nc3 c6 4. cxd5 exd5 5. Bf4 Bd6 6. Bxd6 Qxd6 7. e3 Bf5 8. Bd3 Bg6 9. Nf3 Nd7 10. 0-0 Ngf6 11. a3 0-0 12. Bxg6 hxg6 13. b4 b5 14. Qc2 Rfe8 15. Rfc1 a6 16. Ne2 Rac8 17. Nf4 Nb6 18. Nd3 Nc4 19. a4 Nd7 20. axb5 axb5 21. Ra6 f6 22. Rca1 g5 23. h3 Qe7 24. Nc5 Nf8 25. Ra7 Rc7 26. Rxc7 Qxc7 27. Ne1 Qc8 28. Qd1 Ne6 29. Qg4 Nd2 30. Ned3 Nxc5 31. Qxc8 Rxc8 32. Nxc5 Nc4 33. Ra7 Nd6 34. g4 Ne8 35. Kg2 Kh7 36. Kf3 Kg6 37. Kg3 Kh7 38. Kf3 Kg8 39. Kg3 Rc7 40. Rxc7 Nxc7 41. f4 gxf4+ 42. exf4 Kf7 43. f5 g5 44. fxg6+ Kxg6 45. Kf4 1/2-1/2

[Event "EU-chT Seniors 15th"]
[Site "Dresden"]
[Date "2013.07.23"]
[Round "4"]
[White "Veremeichik, Vladimir"]
[Black "Pauchard, Pierre"]
[Result "1/2-1/2"]
[WhiteElo "2340"]
[BlackElo "2106"]
[PlyCount "62"]
[EventDate "2013.07.20"]
[EventType "team-swiss"]
[EventRounds "9"]
[EventCountry "GER"]
[SourceTitle "CBM 155 Extra"]
[Source "ChessBase"]
[SourceDate "2013.08.26"]
[SourceVersion "1"]
[SourceVersionDate "2013.08.26"]
[SourceQuality "1"]
[WhiteTeam "Belarus"]
[BlackTeam "Switzerland"]
[WhiteTeamCountry "BLR"]
[BlackTeamCountry "SUI"]

1. d4 e6 2. c4 f5 3. g3 Nf6 4. Bg2 d5 5. Nf3 c6 6. 0-0 Bd6 7. b3 Qe7 8. Bb2 Nbd7 9. Qc1 b6 10. Ba3 c5 11. Nc3 Ne4 12. cxd5 Nxc3 13. Qxc3 exd5 14. Rfd1 Bb7 15. dxc5 bxc5 16. e3 0-0 17. Rac1 Rac8 18. Ne1 Nf6 19. Bb2 Ne4 20. Qd3 g6 21. Rc2 Rfd8 22. Rdc1 Rc7 23. Nf3 Rcd7 24. b4 c4 25. Qd4 Kf7 26. h4 Rg8 27. a3 h6 28. Ne5+ Bxe5 29. Qxe5 Qxe5 30. Bxe5 Ke6 31. Bd4 Bc6 1/2-1/2

[Event "EU-chT Seniors 15th"]
[Site "Dresden"]
[Date "2013.07.20"]
[Round "1"]
[White "Van Kemenade, Rudy"]
[Black "Veremeichik, Vladimir"]
[Result "0-1"]
[WhiteElo "2018"]
[BlackElo "2340"]
[PlyCount "98"]
[EventDate "2013.07.20"]
[EventType "team-swiss"]
[EventRounds "9"]
[EventCountry "GER"]
[SourceTitle "CBM 155 Extra"]
[Source "ChessBase"]
[SourceDate "2013.08.26"]
[SourceVersion "1"]
[SourceVersionDate "2013.08.26"]
[SourceQuality "1"]
[WhiteTeam "Wales"]
[BlackTeam "Belarus"]
[WhiteTeamCountry "WLS"]
[BlackTeamCountry "BLR"]

1. Nf3 c5 2. e4 Nc6 3. Bb5 g6 4. 0-0 Bg7 5. c3 Nf6 6. Re1 0-0 7. h3 a6 8. Bf1 e5 9. d4 d6 10. a4 Qc7 11. Na3 Re8 12. d5 Na7 13. Nc4 b6 14. b4 Nd7 15. Ba3 b5 16. Na5 c4 17. axb5 axb5 18. Bc1 Nb6 19. Qc2 Bd7 20. Be3 Nac8 21. Nd2 Ne7 22. Bxb6 Qxb6 23. Ra3 Rab8 24. Rea1 Nc8 25. Be2 Rf8 26. Nf1 Bh6 27. Nh2 Qc7 28. Ng4 Bg5 29. Ne3 Nb6 30. Bg4 f5 31. Bf3 f4 32. Nf1 h5 33. Qe2 Rf7 34. Nh2 Nc8 35. Kf1 Ne7 36. Ke1 Kg7 37. Kd1 Ng8 38. Kc2 Rbf8 39. Nc6 Bxc6 40. dxc6 Rb8 41. Ra6 Rb6 42. Qd1 Qxc6 43. Rxb6 Qxb6 44. Qd5 Ne7 45. Qd2 Bh4 46. g3 fxg3 47. fxg3 Bxg3 48. Qg2 Bxh2 49. Bxh5 Rf2+ 0-1

[Event "Sokolka op 4th"]
[Site "Sokolka"]
[Date "2013.??.??"]
[Round "3"]
[White "Kostyra, Stanislaw"]
[Black "Veremeichik, Vladimir"]
[Result "1/2-1/2"]
[WhiteElo "2280"]
[BlackElo "2340"]
[PlyCount "38"]
[EventDate "2013.07.??"]
[EventType "swiss"]
[EventRounds "9"]
[EventCountry "POL"]
[SourceTitle "EXT 2015"]
[Source "ChessBase"]
[SourceDate "2014.11.20"]
[SourceVersion "1"]
[SourceVersionDate "2014.11.20"]
[SourceQuality "1"]

1. e4 c5 2. Nf3 Nc6 3. d4 cxd4 4. Nxd4 g6 5. c4 Bg7 6. Nc2 d6 7. Be2 Nf6 8. Nc3 Nd7 9. Bd2 0-0 10. 0-0 Nc5 11. b4 Bxc3 12. Bxc3 Nxe4 13. Bb2 Nf6 14. b5 Na5 15. Ne3 b6 16. Bf3 Bb7 17. Bxb7 Nxb7 18. Bxf6 exf6 19. Qf3 Nc5 1/2-1/2

[Event "Bialystok Autumn op"]
[Site "Bialystok"]
[Date "2012.11.02"]
[Round "2.1"]
[White "Veremeichik, Vladimir"]
[Black "Burakowska, Gabriela"]
[Result "1-0"]
[WhiteElo "2342"]
[BlackElo "1638"]
[PlyCount "75"]
[EventDate "2012.11.02"]
[EventType "swiss"]
[EventRounds "9"]
[EventCountry "POL"]
[SourceTitle "EXT 2023"]
[Source "ChessBase"]
[SourceDate "2022.10.05"]
[SourceVersion "1"]
[SourceVersionDate "2022.10.05"]
[SourceQuality "1"]

1. d4 Nf6 2. c4 e6 3. Nc3 d5 4. Bg5 Be7 5. e3 h6 6. Bf4 0-0 7. a3 b6 8. cxd5 exd5 9. Rc1 c6 10. Bd3 Bd6 11. Nge2 Be6 12. 0-0 Bxf4 13. Nxf4 Qd7 14. b4 Bf5 15. Bxf5 Qxf5 16. b5 Qd7 17. a4 Rd8 18. Qb3 c5 19. dxc5 bxc5 20. Rfd1 c4 21. Qb1 Qb7 22. Qf5 Nbd7 23. Nfxd5 Nxd5 24. Nxd5 Nb6 25. Nc3 a5 26. bxa6 Qc6 27. Qb5 Qe6 28. h3 Nd7 29. Rd4 Nf6 30. Rxd8+ Rxd8 31. Qb7 Qc8 32. Rb1 Kh7 33. Qxc8 Rxc8 34. Rb7 Ra8 35. a7 Kg6 36. Kf1 h5 37. Ke2 Nh7 38. Nb5 1-0

[Event "Orsha"]
[Site "Orsha"]
[Date "2009.01.31"]
[Round "9"]
[White "Veremeichik, Vladimir"]
[Black "Katashuk, V."]
[Result "1/2-1/2"]
[WhiteElo "2374"]
[BlackElo "2192"]
[PlyCount "108"]
[EventDate "2009.01.27"]
[EventType "tourn"]
[EventRounds "11"]
[EventCountry "BLR"]
[EventCategory "1"]
[SourceTitle "EXT 2011"]
[Source "ChessBase"]
[SourceDate "2010.11.26"]
[SourceVersion "1"]
[SourceVersionDate "2010.11.26"]
[SourceQuality "1"]

1. d4 Nc6 2. Nf3 d5 3. Bf4 Bf5 4. e3 e6 5. Bd3 Bxd3 6. cxd3 Bd6 7. Bg3 Nge7 8. Nc3 0-0 9. Rc1 Nf5 10. a3 Nce7 11. e4 Nxg3 12. hxg3 Ng6 13. Qb3 dxe4 14. dxe4 e5 15. Rd1 exd4 16. Rxd4 Qc8 17. Qd5 Be7 18. Qh5 h6 19. Nd5 c5 20. Rc4 Re8 21. 0-0 Bd6 22. a4 Qe6 23. b3 Rab8 24. Nd2 Rf8 25. f4 f5 26. Ne3 Ne7 27. e5 Bc7 28. Qe2 Nc6 29. Nf3 Bb6 30. Rc3 Qg6 31. Qc4+ Kh7 32. Nd5 Rbd8 33. Nxb6 axb6 34. Kf2 Nd4 35. Ng5+ Kh8 36. Rh1 Rde8 37. Re3 Re7 38. Nf3 Qc6 39. Nxd4 cxd4 40. Qxd4 Rd7 41. Qb4 Rfd8 42. Rhe1 Rd4 43. Qe7 Qc2+ 44. R3e2 Qxb3 45. e6 Qb4 46. Qxb4 Rxb4 47. e7 Re8 48. Rd1 Kg8 49. Rd7 Rxa4 50. Rxb7 Rb4 51. Re5 g6 52. Kg1 Kf7 53. Kh2 Rb1 54. Re3 Kg7 1/2-1/2

[Event "Orsha"]
[Site "Orsha"]
[Date "2009.01.28"]
[Round "4"]
[White "Mishin, Alexei"]
[Black "Veremeichik, Vladimir"]
[Result "0-1"]
[WhiteElo "2307"]
[BlackElo "2374"]
[PlyCount "122"]
[EventDate "2009.01.27"]
[EventType "tourn"]
[EventRounds "11"]
[EventCountry "BLR"]
[EventCategory "1"]
[SourceTitle "EXT 2011"]
[Source "ChessBase"]
[SourceDate "2010.11.26"]
[SourceVersion "1"]
[SourceVersionDate "2010.11.26"]
[SourceQuality "1"]

1. e4 c5 2. Nf3 g6 3. c3 Nf6 4. e5 Nd5 5. d4 cxd4 6. Qxd4 Nc7 7. Bc4 Bg7 8. 0-0 Nc6 9. Qe4 b5 10. Bb3 Bb7 11. Ng5 Ne6 12. Bd5 Qc7 13. Re1 Rb8 14. Na3 a6 15. Bxe6 dxe6 16. Qf4 Nd8 17. Nc2 h6 18. Nf3 Bxf3 19. Qxf3 Nc6 20. Bf4 g5 21. Bg3 Rd8 22. Qe2 0-0 23. a4 Rd5 24. axb5 axb5 25. Ne3 Rc5 26. Qh5 Kh7 27. Ng4 Qc8 28. f4 f6 29. fxg5 fxg5 30. Rf1 Qe8 31. Qh3 Rxf1+ 32. Rxf1 Qg6 33. Bf2 Rd5 34. Qf3 Nxe5 35. Nxe5 Bxe5 36. Re1 Bg7 37. Re4 Rd2 38. b3 Qf5 39. Qxf5+ exf5 40. Rxe7 Kg6 41. Be1 Rd3 42. Rc7 b4 43. Kf1 f4 44. cxb4 Rxb3 45. Ke2 g4 46. Kd1 f3 47. gxf3 gxf3 48. Rc1 Be5 49. h3 Kf5 50. Bf2 Rb2 51. Ke1 Bf4 52. Rd1 Rxb4 53. Kf1 Rc4 54. Rd5+ Ke4 55. Rd1 Ra4 56. Rb1 Bd2 57. Kg1 Ra3 58. Kf1 Ra2 59. Kg1 Kd3 60. Rb3+ Ke2 61. Bd4 Ra4 0-1

[Event "Orsha"]
[Site "Orsha"]
[Date "2009.01.28"]
[Round "3"]
[White "Veremeichik, Vladimir"]
[Black "Jesse, Ingemars"]
[Result "1-0"]
[WhiteElo "2374"]
[BlackElo "2174"]
[PlyCount "195"]
[EventDate "2009.01.27"]
[EventType "tourn"]
[EventRounds "11"]
[EventCountry "BLR"]
[EventCategory "1"]
[SourceTitle "EXT 2011"]
[Source "ChessBase"]
[SourceDate "2010.11.26"]
[SourceVersion "1"]
[SourceVersionDate "2010.11.26"]
[SourceQuality "1"]

1. d4 d5 2. Nf3 c6 3. c4 e6 4. Qc2 Nf6 5. Nbd2 Nbd7 6. g3 b6 7. Bg2 Bb7 8. 0-0 Be7 9. e4 0-0 10. e5 Ne8 11. Re1 Rc8 12. cxd5 cxd5 13. Qb1 Nc7 14. Bf1 Ba6 15. a3 Bxf1 16. Rxf1 a5 17. b3 b5 18. Qd3 Nb6 19. Ne1 Qd7 20. Qe2 a4 21. b4 Nc4 22. Ndf3 Kh8 23. Nd3 Rce8 24. Ra2 f6 25. Bf4 f5 26. h4 Rb8 27. Kg2 Kg8 28. Rh1 Qe8 29. Bc1 Rb6 30. Qd1 Rc6 31. Bg5 Qf7 32. Qe2 Qe8 33. Ng1 Qf7 34. Nh3 Rc8 35. Bxe7 Qxe7 36. Nhf4 Qf7 37. Qe1 Kh8 38. Nc5 Kg8 39. Qc1 Kh8 40. Rc2 Kg8 41. Rc3 Rf8 42. Rf3 Kh8 43. Kf1 Kg8 44. Rc3 Kh8 45. Ke1 Kg8 46. Qd1 Qe7 47. Qe2 Kf7 48. Kd1 Kg8 49. Kc1 Na6 50. Nfd3 Nc7 51. Kb1 Na6 52. Ka2 Nc7 53. Rcc1 Qf7 54. Rcg1 Kh8 55. Rh3 Ne8 56. Nf4 Nc7 57. h5 Re8 58. Rh4 Na6 59. Nfd3 Nc7 60. Rg2 Qe7 61. Nf4 Kg8 62. Rh1 Qg5 63. Qd1 Rc8 64. Qe1 Na6 65. h6 Qg4 66. Qc3 Nxc5 67. bxc5 g6 68. f3 Qg5 69. Qc1 Rf8 70. Nd3 Qe7 71. f4 Na5 72. Qc3 Nb3 73. Nc1 Qa7 74. Rb2 b4 75. Qxb4 Rb8 76. Qc3 Qa6 77. Nxb3 axb3+ 78. Rxb3 Rxb3 79. Qxb3 Qe2+ 80. Ka1 Ra6 81. Rb1 Ra8 82. Qc3 Ra4 83. Qb3 Ra8 84. Rb2 Qa6 85. Ka2 g5 86. fxg5 Ra7 87. Qc3 Kf7 88. c6 Rc7 89. Rc2 Qa4 90. Rc1 Kg6 91. Qb4 Qa6 92. Qd6 Qe2+ 93. Ka1 Qf3 94. Rc2 Qb3 95. Rb2 Qd1+ 96. Ka2 Qxd4 97. Qxe6+ Kh5 98. Rh2+ 1-0

[Event "Orsha"]
[Site "Orsha"]
[Date "2009.01.27"]
[Round "2"]
[White "Pakhomov, Egor"]
[Black "Veremeichik, Vladimir"]
[Result "0-1"]
[WhiteElo "2240"]
[BlackElo "2374"]
[PlyCount "105"]
[EventDate "2009.01.27"]
[EventType "tourn"]
[EventRounds "11"]
[EventCountry "BLR"]
[EventCategory "1"]
[SourceTitle "EXT 2011"]
[Source "ChessBase"]
[SourceDate "2010.11.26"]
[SourceVersion "1"]
[SourceVersionDate "2010.11.26"]
[SourceQuality "1"]

1. d4 d5 2. Nf3 Nf6 3. c4 dxc4 4. Nc3 a6 5. e4 b5 6. e5 Nd5 7. a4 Bb7 8. e6 f6 9. Be2 Qd6 10. 0-0 Nxc3 11. bxc3 g6 12. Nd2 f5 13. Bf3 c6 14. Ba3 Qxe6 15. Re1 Qf7 16. Bc5 e6 17. axb5 cxb5 18. Bxb7 Qxb7 19. Rxe6+ Kf7 20. Rb6 Qd5 21. Nf3 Nd7 22. Ng5+ Kg8 23. Re6 Bxc5 24. dxc5 Qxd1+ 25. Rxd1 Nxc5 26. Re7 h6 27. Ne6 Nxe6 28. Rxe6 g5 29. h4 gxh4 30. Rdd6 Rh7 31. Rxa6 Rxa6 32. Rxa6 Rd7 33. Rxh6 Rd1+ 34. Kh2 Rd3 35. Rb6 Kg7 36. Rxb5 Kg6 37. Rb6+ Kg5 38. Rb8 Rxc3 39. Rg8+ Kf6 40. Rh8 h3 41. gxh3 Rc1 42. Kg3 c3 43. Rc8 Ke5 44. Kf3 Kd4 45. Kf4 Rh1 46. Kxf5 Rxh3 47. f4 Rh5+ 48. Kg6 Rc5 49. Rxc5 Kxc5 50. f5 c2 51. f6 c1Q 52. f7 Qf4 53. Kg7 0-1

[Event "BLR-ch"]
[Site "Minsk"]
[Date "2001.??.??"]
[Round "7"]
[White "Azarov, Sergei Nikolaevich"]
[Black "Veremeichik, Vladimir"]
[Result "1/2-1/2"]
[WhiteElo "2417"]
[BlackElo "2401"]
[PlyCount "115"]
[EventDate "2001.03.??"]
[EventType "tourn"]
[EventRounds "11"]
[EventCountry "BLR"]
[EventCategory "7"]
[SourceTitle "CBM 081 Extra"]
[Source "ChessBase"]
[SourceDate "2001.05.06"]
[SourceVersion "1"]
[SourceVersionDate "2001.05.06"]
[SourceQuality "1"]

1. e4 c5 2. Nf3 Nc6 3. d4 cxd4 4. Nxd4 g6 5. c4 Bg7 6. Be3 Nf6 7. Nc3 0-0 8. Be2 b6 9. 0-0 Bb7 10. Qd2 Nxd4 11. Bxd4 e5 12. Bxe5 Nxe4 13. Nxe4 Bxe5 14. Nc3 Re8 15. Rfe1 Rc8 16. Rad1 Qf6 17. Bf1 Bxc3 18. bxc3 Bc6 19. Re3 Rxe3 20. Qxe3 Qe6 21. Qd4 Qe7 22. Rd2 Qg5 23. h4 Qc5 24. Re2 Qxd4 25. cxd4 Kf8 26. c5 bxc5 27. dxc5 Rb8 28. Re1 Rb2 29. Bc4 Rc2 30. Bb3 Rxc5 31. Rd1 Re5 32. f3 Ke7 33. Kf2 h6 34. Rd4 Rc5 35. Kg3 f6 36. Ba4 Bxa4 37. Rxa4 a5 38. Re4+ Kf7 39. Re3 h5 40. Rb3 Ke7 41. Kh3 d5 42. Kg3 Ke6 43. Rb8 Rc2 44. Re8+ Kf5 45. Rd8 Rd2 46. a4 Rd4 47. Kh3 Ke6 48. Rg8 Rxa4 49. Rxg6 Ra1 50. g4 d4 51. Rg8 a4 52. gxh5 a3 53. Rg2 a2 54. Kg4 d3 55. Kf4 Rh1 56. Rxa2 Rxh4+ 57. Ke3 Rxh5 58. Kxd3 1/2-1/2

[Event "BLR-ch"]
[Site "Minsk"]
[Date "2001.??.??"]
[Round "5"]
[White "Lutsko, Igor"]
[Black "Veremeichik, Vladimir"]
[Result "0-1"]
[WhiteElo "2304"]
[BlackElo "2401"]
[PlyCount "70"]
[EventDate "2001.03.??"]
[EventType "tourn"]
[EventRounds "11"]
[EventCountry "BLR"]
[EventCategory "7"]
[SourceTitle "CBM 081 Extra"]
[Source "ChessBase"]
[SourceDate "2001.05.06"]
[SourceVersion "1"]
[SourceVersionDate "2001.05.06"]
[SourceQuality "1"]

1. d4 Nf6 2. c4 e6 3. Nc3 Bb4 4. e3 c5 5. Bd3 Nc6 6. Nge2 d5 7. cxd5 Nxd5 8. 0-0 cxd4 9. exd4 0-0 10. Qc2 g6 11. Rd1 Be7 12. Be4 Bf6 13. Bh6 Re8 14. Bf3 Nce7 15. Ne4 Bg7 16. Bxg7 Kxg7 17. h4 b6 18. h5 Bb7 19. Qd2 Ng8 20. Rac1 Qe7 21. Nf4 Red8 22. hxg6 hxg6 23. Ng5 Rd7 24. Bxd5 Bxd5 25. Rc3 Nh6 26. Rg3 Rh8 27. Qe3 Nf5 28. Qe5+ Qf6 29. Qxf6+ Kxf6 30. Nxd5+ Rxd5 31. Rg4 Rhd8 32. Nf3 Kg7 33. Re4 Ne7 34. Re2 Rh5 35. Rc1 Rdh8 0-1